| 000 | 00751nam a22001937a 4500 | ||
|---|---|---|---|
| 005 | 20240530110336.0 | ||
| 008 | 140907s2008 au bo g 000 0 ara d | ||
| 040 | _aEG-CaGPL | ||
| 082 | 0 | 4 |
_221 _a962.39 _bق/ا س |
| 100 | 0 |
_aانجى فايد _eمعد |
|
| 245 |
_aسيناء عبر العصور : _bسانت كاترين والدير / _cاعداد وتحرير انجى فايد ؛ تقديم زاهى حواس |
||
| 260 |
_aالقاهره : _bالمجلس الاعلى للاثار ، _c2008 |
||
| 300 |
_a127 ص : _bايض صور لو ؛ _c30 سم |
||
| 650 | 0 | 4 | _aدير سانت كاترين |
| 650 | 0 | 4 |
_aسيناء _xاثار |
| 700 | 0 |
_aزاهي حواس _eمقدم |
|
| 942 |
_2ddc _cBK |
||
| 999 |
_c59784 _d59784 |
||